[Event "4th American Continental (w)"]
[Site "San Luis ARG"]
[Date "2007.09.05"]
[Round "9.6"]
[White "Buttner, Natalia"]
[Black "Lujan, Carolina"]
[Result "0-1"]
[WhiteElo "2064"]
[BlackElo "2394"]
[EventDate "2007.08.28"]
[PlyCount "124"]

1.e4 c5 2.Nf3 Nc6 3.d4 cxd4 4.Nxd4 Nf6 5.Nc3 d6 6.Nxc6 bxc6 7.Bd3 e5 8.O-O
Be7 9.Kh1 Qc7 10.Qe1 Nd7 11.Na4 O-O 12.Bd2 Nb6 13.Nxb6 axb6 14.c4 Be6 15.
f4 exf4 16.Bxf4 Bf6 17.Qb4 Rfd8 18.a3 Be5 19.Qd2 Rd7 20.Rac1 Re8 21.Qf2 
Qd8 22.Be3 Rb7 23.a4 Qb8 24.Bf4 Qd8 25.Be3 Qc7 26.Bf4 Ra8 27.b3 c5 28.Be3 
Re8 29.Be2 Qe7 30.Rcd1 Bd7 31.Bf3 Bc6 32.Rfe1 h6 33.Qd2 Qh4 34.Bg1 Kh8 35.
Qf2 Qg5 36.Qe3 Bf4 37.Qd3 Be5 38.Qe3 Qg6 39.Qe2 Rbe7 40.Bh5 Qg5 41.Qg4 
Qxg4 42.Bxg4 Bf4 43.Rf1 g5 44.Bf3 Kg7 45.g3 Be5 46.Rd2 h5 47.Bxh5 Rh8 48.
Bf3 Bxg3 49.Rg2 Bf4 50.Re1 Rh3 51.Rf1 Bxe4 52.Bxe4 Rxe4 53.Rb2 f5 54.Kg2 
Rh6 55.Rf3 Rhe6 56.Bf2 g4 57.Rd3 Be5 58.Ra2 f4 59.a5 bxa5 60.Rxa5 f3+ 61.
Kg1 Re2 62.Re3 Rxf2 0-1

[Event "4th American Continental (w)"]
[Site "San Luis ARG"]
[Date "2007.09.05"]
[Round "9.7"]
[White "Palao Galan, Maricela"]
[Black "Zepeda Cortez, Sonia"]
[Result "1/2-1/2"]
[WhiteElo "2139"]
[BlackElo "2045"]
[EventDate "2007.08.28"]
[PlyCount "92"]

1.d4 d5 2.c4 c6 3.Nf3 Nf6 4.e3 Bf5 5.Nc3 e6 6.Be2 Bd6 7.O-O Nbd7 8.b3 O-O 
9.Bb2 Re8 10.Rc1 a6 11.Nh4 Bg6 12.f4 Be4 13.Qe1 c5 14.Rd1 cxd4 15.exd4 Rc8
16.Kh1 Qc7 17.Qd2 Nf8 18.c5 Be7 19.b4 Ng6 20.Nxg6 Bxg6 21.a4 Ne4 22.Nxe4 
Bxe4 23.b5 Ra8 24.Ra1 g6 25.Rfc1 Rec8 26.Bc3 Bd8 27.Bb4 Qd7 28.Rc3 Bf6 29.
Rac1 axb5 30.Bxb5 Qc7 31.Kg1 Bg7 32.c6 b6 33.Ra3 h5 34.Rb3 Bh6 35.Rf1 Ra7 
36.Qc1 Rca8 37.Ra3 Bg7 38.Qd2 Bh6 39.Bc3 Bf8 40.Ra2 Bh6 41.Qe3 Rc8 42.Bd2 
Rca8 43.Qc3 Ra5 44.Ra3 Bf8 45.Raa1 Bh6 46.Qb2 R5a7 1/2-1/2

[Event "4th American Continental (w)"]
[Site "San Luis ARG"]
[Date "2007.09.05"]
[Round "9.8"]
[White "Malajovich, Sandra"]
[Black "Plazaola, Maria De los Angeles"]
[Result "0-1"]
[WhiteElo "2095"]
[BlackElo "2061"]
[EventDate "2007.08.28"]
[PlyCount "80"]

1.c4 Nf6 2.Nc3 e5 3.g3 Nc6 4.Bg2 g6 5.e3 d6 6.Nge2 Bf5 7.e4 Be6 8.Nd5 Bg7 
9.Rb1 Qd7 10.b4 Ne7 11.d3 Nexd5 12.cxd5 Bh3 13.O-O h5 14.f3 Ke7 15.Bg5 
Rag8 16.Rc1 Bxg2 17.Kxg2 Kf8 18.Bxf6 Bxf6 19.Qc2 Bd8 20.h3 Rg7 21.f4 Kg8 
22.Nc3 exf4 23.gxf4 g5 24.f5 g4 25.hxg4 Rxg4+ 26.Kf3 Qe7 27.Qf2 Qe5 28.Ne2
a6 29.Qa7 Kf8 30.Qxb7 Qh2 31.Rg1 Qh3+ 32.Rg3 Rxg3+ 33.Nxg3 Qg4+ 34.Kf2 
Qf4+ 35.Ke2 Qxc1 36.Qc8 Qg5 37.Qd7 Qg4+ 38.Kd2 Bg5+ 39.Kc2 Qxg3 40.Qxc7 h4
0-1

[Event "4th American Continental (w)"]
[Site "San Luis ARG"]
[Date "2007.09.05"]
[Round "9.9"]
[White "Vargas Talavera, Gabriela"]
[Black "Carraro, Denise"]
[Result "1/2-1/2"]
[WhiteElo "2118"]
[BlackElo "2048"]
[EventDate "2007.08.28"]
[PlyCount "97"]

1.d4 Nf6 2.Bg5 c5 3.dxc5 e6 4.Nf3 Bxc5 5.e3 Qb6 6.Nbd2 Qxb2 7.Bd3 d5 8.O-O
Nc6 9.Nb3 Be7 10.Nfd4 Nxd4 11.exd4 Bd7 12.Bd2 Qa3 13.Rb1 b6 14.Qf3 Qd6 15.
c4 Bc6 16.c5 Qd7 17.Rfc1 O-O 18.Bf4 Rfc8 19.Be5 Ne4 20.Qh3 g6 21.Rc2 f6 
22.Bf4 bxc5 23.Bxe4 dxe4 24.Nxc5 Bxc5 25.Rxc5 Bd5 26.Rbc1 Rxc5 27.Rxc5 Qa4
28.Rc1 Qxd4 29.Be3 Qe5 30.a3 f5 31.Qh6 Rf8 32.Bf4 Qg7 33.Qxg7+ Kxg7 34.
Rc7+ Kf6 35.h4 a5 36.Rxh7 e3 37.Bxe3 Ke5 38.Ra7 f4 39.Bb6 Rh8 40.Rxa5 Rxh4
41.Bc7+ Kf5 42.f3 g5 43.Rc5 g4 44.g3 fxg3 45.Bxg3 Rh3 46.fxg4+ Kxg4 47.Bd6
Rxa3 48.Rc4+ Bxc4 49.Bxa3 1/2-1/2

[Event "4th American Continental (w)"]
[Site "San Luis ARG"]
[Date "2007.09.05"]
[Round "9.10"]
[White "Chang, Suzana"]
[Black "Colautti, Marcela"]
[Result "0-1"]
[WhiteElo "2091"]
[BlackElo "1929"]
[EventDate "2007.08.28"]
[PlyCount "74"]

1.e4 e6 2.Qe2 Be7 3.Nf3 d5 4.d3 c5 5.g3 Nc6 6.Bg2 Nf6 7.e5 Nd7 8.O-O Qc7 
9.Re1 Nf8 10.c3 Bd7 11.a3 a5 12.a4 h6 13.h4 Nh7 14.Na3 O-O 15.Bf4 Na7 16.
Nc2 Qb6 17.Reb1 Nc6 18.Bh3 Rfe8 19.Qd2 Bf8 20.Ne3 g5 21.hxg5 hxg5 22.Bxg5 
Nxg5 23.Nxg5 Nxe5 24.f4 Bh6 25.Qe2 Bxg5 26.fxe5 Qd8 27.Rf1 Bc6 28.Ng4 d4 
29.c4 Qc7 30.Bg2 Kg7 31.Bxc6 Qxc6 32.Qf3 Qc7 33.Nf6 Be3+ 34.Kg2 Rh8 35.Rh1
Qxe5 36.Nh5+ Kf8 37.Qxb7 Rb8 0-1

[Event "4th American Continental (w)"]
[Site "San Luis ARG"]
[Date "2007.09.05"]
[Round "9.11"]
[White "Mateus Urbano, Martha"]
[Black "Burijovich, Liliana"]
[Result "1/2-1/2"]
[WhiteElo "2127"]
[BlackElo "2227"]
[EventDate "2007.08.28"]
[PlyCount "136"]

1.e4 c5 2.Nf3 Nc6 3.c3 d5 4.exd5 Qxd5 5.d4 Bg4 6.Be2 e6 7.h3 Bh5 8.O-O Nf6
9.Be3 cxd4 10.cxd4 Be7 11.Nc3 Qd6 12.Qb3 Qb4 13.Qd1 O-O 14.a3 Qd6 15.Qd2 
Rfd8 16.Rfd1 Nd5 17.Ne4 Qb8 18.Bg5 f6 19.Bh4 Qf4 20.Nc3 Bxf3 21.Nxd5 Qxd2 
22.Nxe7+ Nxe7 23.Rxd2 Bxe2 24.Rxe2 Nf5 25.Re4 Rxd4 26.Rxd4 Nxd4 27.Rd1 Rd8
28.Kf1 e5 29.f4 Rc8 30.Bf2 Rc2 31.fxe5 fxe5 32.Bxd4 exd4 33.b4 Rc4 34.Ke2 
Kf7 35.Kd3 Rc3+ 36.Kxd4 Rxa3 37.Rc1 Kf6 38.Rc7 b6 39.Rc6+ Kf5 40.Rc7 Kf6 
41.Rc6+ Kf5 42.Rc7 Rg3 43.Rf7+ Kg6 44.Rxa7 Rxg2 45.Rb7 Rd2+ 46.Ke5 Re2+ 
47.Kd5 Rd2+ 48.Ke5 Rh2 49.Rxb6+ Kh5 50.Rb7 Kh6 51.b5 Rxh3 52.Rb6+ Kg5 53.
Rb7 g6 54.b6 h5 55.Kd6 h4 56.Rh7 Kg4 57.b7 Rb3 58.Kc7 Rc3+ 59.Kd6 Rb3 60.
Kc7 g5 61.b8=Q Rxb8 62.Kxb8 h3 63.Kc7 Kg3 64.Kd6 g4 65.Ke5 h2 66.Kf5 Kg2 
67.Kxg4 h1=Q 68.Rxh1 Kxh1 1/2-1/2

[Event "4th American Continental (w)"]
[Site "San Luis ARG"]
[Date "2007.09.05"]
[Round "9.12"]
[White "Lovece, Ruth"]
[Black "Airapetian, Chouchanik"]
[Result "1-0"]
[WhiteElo "2005"]
[BlackElo "2162"]
[EventDate "2007.08.28"]
[PlyCount "93"]

1.e4 e5 2.Nf3 Nc6 3.Bb5 a6 4.Ba4 Nf6 5.O-O Nxe4 6.d4 b5 7.Bb3 d5 8.dxe5 
Be6 9.Be3 Be7 10.c3 O-O 11.Nbd2 Nc5 12.Bc2 Nd7 13.Bd4 Nxd4 14.cxd4 f6 15.
exf6 Bxf6 16.Re1 Bg4 17.Qb1 h6 18.Bb3 c6 19.Qg6 Bxf3 20.Nxf3 Re8 21.Bc2 
Nf8 22.Qd3 Qd6 23.Rac1 Rac8 24.Bb1 g6 25.a3 Rxe1+ 26.Rxe1 c5 27.dxc5 Rxc5 
28.Qd2 Kg7 29.Ba2 d4 30.Qd3 Rc7 31.Qb3 h5 32.g3 Kh6 33.Qd3 Nd7 34.Re6 Qf8 
35.Qd2+ Kg7 36.Qf4 Rc5 37.Nxd4 Kh7 38.Rxa6 Ne5 39.Ne6 Nf3+ 40.Qxf3 Rc1+ 
41.Kg2 Qe7 42.Bd5 Rc2 43.Qe3 Rxb2 44.Ra7 Qxa7 45.Qxa7+ Kh6 46.h4 Ra2 47.
Qf7 1-0

[Event "4th American Continental (w)"]
[Site "San Luis ARG"]
[Date "2007.09.06"]
[Round "10.5"]
[White "Plazaola, Maria De los Angeles"]
[Black "Nejanky, Maisa"]
[Result "1/2-1/2"]
[WhiteElo "2061"]
[BlackElo "2068"]
[EventDate "2007.08.28"]
[PlyCount "147"]

1.e4 c5 2.Nf3 d6 3.d4 Nf6 4.Nc3 cxd4 5.Nxd4 g6 6.Bg5 Bg7 7.Bb5+ Bd7 8.Qe2 
Nc6 9.O-O-O O-O 10.Bxc6 bxc6 11.e5 dxe5 12.Nxc6 Qe8 13.Nxe5 Be6 14.Rd2 Rc8
15.f4 Rxc3 16.bxc3 Qa4 17.Rd4 Qa3+ 18.Kd2 Nd5 19.Qd3 h6 20.Rxd5 Bxd5 21.
Qxd5 hxg5 22.Rb1 e6 23.Qc4 Rd8+ 24.Nd3 Qe7 25.Ke2 gxf4 26.Qxf4 Bxc3 27.Qf3
Qg5 28.Rb7 Qd2+ 29.Kf1 Rf8 30.Qe2 Qh6 31.h3 Qg5 32.Qf3 Qa5 33.Nf4 Qa6+ 34.
Ne2 Bd4 35.Rd7 Bb6 36.Qb3 Qc8 37.Rd3 Qc5 38.Rf3 Rd8 39.c3 Qd6 40.Nd4 Bxd4 
41.cxd4 Qxd4 42.Qe3 Qa1+ 43.Kf2 Qxa2+ 44.Kg3 Rd2 45.Qe4 Rxg2+ 46.Kh4 Qd5 
47.Qxd5 exd5 48.Rb3 Rc2 49.Kg5 Kg7 50.Ra3 Rc7 51.Kf4 Rd7 52.Ke3 d4+ 53.Kd2
Kf6 54.Ra5 Ke6 55.Kd3 f5 56.Ra6+ Kf7 57.Ra5 Kf6 58.h4 Rh7 59.Ra6+ Ke5 60.
Rxg6 Rxh4 61.Ra6 Rh3+ 62.Kd2 Ke4 63.Rxa7 Rh2+ 64.Kd1 Ke3 65.Re7+ Kd3 66.
Ke1 f4 67.Ra7 f3 68.Ra8 f2+ 69.Kf1 Kd2 70.Ra2+ Ke3 71.Ra3+ Ke4 72.Ra8 Kd3 
73.Ra3+ Kd2 74.Rd3+ 1/2-1/2